000 00607nam a2200241Ia 4500
003 OSt
005 20221007115659.0
006 a|||||r|||| 00| 0
007 ta
008 221006b |||||||| |||| 00| 0 eng d
024 _a37,849
037 _cTextual
040 _aLCO
_cLCO
_beng
041 _2eng
_aeng
082 _aZ2,51263, Q9
100 _aKhurshid Salman
245 0 _aDignity in the legal and political Philosophy of Ronald Dworkin
250 _a1st
260 _c2018
300 _a497
942 _hZ2,51263, Q9
_cTEXL
999 _c1207412
_d1207412